000 00546nmm a2200169Ia 4500
008 251105s9999||||xx |||||||||||||||||und||
020 _a9788437074771
041 _aspa
100 _aGascó Escudero, Patricia
245 0 _aUCD-Valencia :
_b Estrategias y grupos de poder político
264 _a[Madrid, España] :
_bPublicaciones de la Universidad de Valencia (PUV),
_c2009
300 _a192 páginas
490 _aOberta
650 _aPolitical Science (General)
856 _uhttps://public.digitaliapublishing.com/a/34717
942 _cCF
999 _c82473
_d82473